000 00695nam a2200241 a 4500
005 20200104041736.0
008 160113t19691981-usd fr|||| 001 0 eng d
020 _a0716712547
040 _aCO-BoIAVH
_cCO-BoIAVH
041 0 _aeng
044 _axxu
082 0 4 _a570.15195
_bS68b
100 1 _aSokal, Robert R.
245 0 0 _aBiometry /
_cRobert R. Sokal, F. James Rohlf
250 _aSegunda edición
260 _aEstados Unidos :
_bFreeman ,
_cc1969.
300 _axviii, 859 páginas :
_bGráficos ;
_c24 x 16 cm.
650 6 _aBiometría
650 6 _aAnálisis de datos
650 6 _aEstadística
700 1 _aRohlf, F. James
942 _2ddc
_cLIBRO
999 _c17952
_d17952